00963nam a22001697a 4500999001900000008004100019100002500060245005800085260002100143300004000164520036800204650006500572773002100637906001300658942000700671952011500678 c515314d515314210121b ||||| |||| 00| 0 eng d aAhuja, Anil. 923633 aOstracising the ghost of namka chu: Defending Kameng  aU.S.I. Journal  a150(621), Jul-Sep, 2020: p. 271-287 aThis article briefly recapitulates the 1962 war operations in the Kameng Sector to bring out the suggested manner in which operations should be conducted against the People’s Liberation Army (PLA), should a need arise in the present time. Such a threat from the PLA is very real keeping in mind present tensions on the Line of Actual Control (LAC).- Reproduced  a1962 war, Kameng sector, Line of actual control (LAC)923634 aU.S.I. Journal  aDEFENCE  cAR 00102ddc40709389379aIIPAbIIPAd2021-01-21h150(621), Jul-Sep, 2020: p. 271-287pAR123858r2021-01-21yAR